000 00227nam a2200097Ia 4500
008 200302s9999 xx 000 0 und d
100 _aAuthor
245 _a100 Architects 10 Critics
260 _bPhaidon Press Lid.
260 _c2005
999 _c5170
_d5170